000 01212 a2200241 4500
001 28992
005 20260407155559.0
008 260407a1945 arg spa d
003 AR-UNSa-BCEJYS
040 _aAR-UNSa-BCEJYS
_bspa
_cAR-UNSa-BCEJYS
080 _a657
_xContabilidad
245 1 0 _aAuditoría
250 _a2a. ed.
264 1 _aMéxico :
_bUnión Tipográfica Editorial Hispano-Americana (UTEHA)
_c1945
300 _a410 p.
_c25 cm.
505 _a1. Preparación de la auditoría - 2. Procedimiento de la auditoría - 3. Efectivo en caja y fondos en caja - 4. Cuentas por cobrar - 5. Inventarios - 6. Inversiones y cargos diferidos - 7. Activo fijo - 8. Valuación del activo fijo; Activo sujeto a agotamiento; Activo intangible - 9. Pasivo circulante - 10. Deuda consolidada-reservas-obligaciones contingentes - 11. Patrimonio; Pérdidas y ganancias - 12. Terminación de la auditoría - 13. Certificados - 14. Características especiales de varias industrias - 15. Auditorías detalladas y auditorías internas
041 _aspa
942 _cBK
590 _aniveau_biblio:m niveau_hierar:0
100 1 _aCoulter Davies, Ernest
700 1 _aElliot, Lester M.
700 1 _aCivera, Marin
999 _c1782
_d1782